000
00307nam a2200121Ia 4500
008
191201s2000 xx 000 0 und d
100
_a
D K Ultimate
245
0
_a
Ultimate Visual Dictionary 21th Century
260
_a
N.Delhi
_b
Dolphin Press
_c
2000
300
_a
640
650
_a
B.Tech(TE)
942
_2
ddc
_c
BK
999
_c
3409
_d
3409